| 000 | 00478nam a22001217a 4500 | ||
|---|---|---|---|
| 082 | _a220 PRO | ||
| 100 |
_aNC ABDUL HANAN NC AHIB IMRAN NC BILAL SHABBIR NC MUHAMMAD DANISH UMER _973049 |
||
| 245 | _aPR-SOF-1916-Stand-Alone Helical Darrieus Wind Turbine Optimized Using MPPT Algorithm | ||
| 260 |
_aISLAMABAD _bNUST COLLEGE OF EME _c2020 |
||
| 650 | _aDE-COMP-38 | ||
| 700 |
_aPROJECT SUPERVISOR LEC SUFYAN HAFEEZ KHAN PROJECT CO-SUPERVISOR DR. TAOSIF IQBAL _973050 |
||
| 942 | _cCR | ||
| 999 |
_c578937 _d578937 |
||